|
|
|
|
| LEADER |
00000nam a2200000Ia 4500 |
| 008 |
180711b2011 cr ||||| |||| 00| | spa d |
| 999 |
|
|
|c 2233
|d 2233
|
| 090 |
|
|
|a 18.01.01
|b 2103
|
| 100 |
|
|
|a Cascante Campos, José Alejandro
|9 3982
|
| 245 |
1 |
0 |
|a Propuesta didáctica de geografía basada en el método del estudio del espacio local: Aplicación al tema de análisis espacial de la dinámica de población costarricense por medio de la estadística y cartografía /
|c José Alejandro Cascante Campos
|
| 260 |
|
|
|a San José, Costa Rica :
|b J. Cascante C.,
|c 2011
|
| 300 |
|
|
|a 222 hojas
|
| 500 |
|
|
|a Programa de becas concursables
|
| 502 |
|
|
|a Tesis (licenciatura) Escuela de Formación Docente, Universidad de Costa Rica
|
| 650 |
1 |
4 |
|a PROYECTOS DE EDUCACION
|9 152
|
| 650 |
1 |
4 |
|a GEOGRAFÍA
|9 1984
|
| 650 |
1 |
4 |
|a EDUCACIÓN SECUNDARIA
|9 456
|
| 650 |
1 |
4 |
|a ESTRATEGIAS EDUCATIVAS
|9 812
|
| 650 |
1 |
4 |
|a DIDÁCTICA
|9 997
|
| 942 |
|
|
|i 003665
|h 18.01.01 2103
|2 z
|c 01
|